El Egipto de los faraones
Salvato in:
| Autore principale: | |
|---|---|
| Natura: | Libro |
| Lingua: | spagnolo |
| Pubblicazione: |
Barcelona
Surco
1958
|
| Serie: | Historia, 12
|
| Soggetti: | |
| Tags: |
Aggiungi Tag
Nessun Tag, puoi essere il primo ad aggiungerne!!
|
MARC
| LEADER | 00000nam a2200000 a 4500 | ||
|---|---|---|---|
| 001 | UCP8769 | ||
| 003 | CL-VaPUC | ||
| 008 | 000310e19580000SP |||||||||||||||||spa|d | ||
| 082 | 0 | 4 | |a 932.O16 |b CAP |2 21 |
| 100 | 0 | |a Capart, Jean |e author |9 438969 | |
| 245 | 1 | 3 | |a El Egipto de los faraones |
| 300 | |a 374 p | ||
| 942 | |c BK | ||
| 945 | |d 20000310 00:00:00 |a rherrera | ||
| 260 | |a Barcelona |b Surco |c 1958 | ||
| 650 | 0 | |a Historia antigua |9 267521 | |
| 650 | 0 | |a Civilizaciones antiguas |9 265998 | |
| 650 | 0 | |a Civilización egipcia |9 433926 | |
| 650 | 7 | |a MESOPOTAMIA |2 CL-VaPUC |9 437558 | |
| 650 | 0 | |a Imperio babilónico |9 438881 | |
| 650 | 7 | |a CIVILIZACION SUMERIA |2 CL-VaPUC |9 438970 | |
| 650 | 7 | |a CIVILIZACION HITITA |2 CL-VaPUC |9 438971 | |
| 650 | 7 | |a FENICIOS |2 CL-VaPUC |9 438972 | |
| 650 | 7 | |a PALESTINA |2 CL-VaPUC |9 438973 | |
| 651 | 7 | |a ASIA MENOR |2 CL-VaPUC |9 400482 | |
| 651 | 7 | |a ASIRIA |2 CL-VaPUC |9 357602 | |
| 583 | |a last modification |c 20000310 00:00:00 |k Rodrigo Vera | ||
| 490 | 0 | |a Historia, 12 | |
| 999 | |c 285655 |d 285653 | ||
| 952 | |0 0 |1 0 |4 0 |6 932_000000000000000_O16_CAP_1958 |7 0 |8 A |9 330400 |a BIBHIS |b BIBHIS |d 2019-11-20 |i 1394258 |o 932.O16 CAP 1958 |p 1394258 |r 2025-01-20 |w 2019-11-20 |y BK |k HIS | ||
| 952 | |0 0 |1 0 |4 0 |6 932_000000000000000_O16_CAP_1958 |7 0 |8 A |9 330401 |a BIBHIS |b BIBHIS |d 2019-11-20 |i 1394266 |l 1 |m 2 |o 932.O16 CAP 1958 |p 1394266 |r 2025-01-20 |s 2024-11-18 |w 2019-11-20 |y BK |k HIS | ||